00509nmm a2200157Ia 4500008004100000020001800041041000800059100003000067245008700097264004700184300001800231650002700249856005100276942000700327999001700334251105s9999||||xx |||||||||||||||||und|| a9788415683896 aspa aFernandez Herrero, Piedad 0aCómo implantar un sistema de gestión de la energía según la ISO 50001:2011 a[Madrid, España] :bFC Editorial, c2013 a104 páginas aEconomics and Business uhttps://public.digitaliapublishing.com/a/37883 cCF c77015d77015